000 00269nam a2200097Ia 4500
001 775824
005 20250826165836.0
008 250824s9999 xx 000 0 und d
245 0 _aYEDİNCİ GÜN BORDAMIZA VURAN DENİZ
_cORHAN HANÇERLİOĞLU
260 _bREMZİ KİTABEVİ
999 _c775824
_d775824